Responses for Show #7721 - Monday, March 19, 2018

Contestants

[<< previous game]

Regis Michelena, a civil engineer from Casper, Wyoming

Lisa Mueller, a technical services librarian from Naperville, Illinois

Rahul Gupta, a data engineer from Midlothian, Virginia (whose 1-day cash winnings total $12,399)

[next game >>]

Jeopardy! Round responses

THE FLIES OF THE LORD
WORLD OF SOUP
ART & ARTISTS
CALENDARS
INFAMOUSLY EPONYMOUS
MUST "C" TV
    $200 18
8

Rahul
    $200 12
CSI

Rahul
    $400 24
(Alex: Less than a minute.)

Beelzebub

Regis
    $400 1
(Lisa: What is jambalaya?)

gumbo

LisaRegis
    $400 6
self-portrait

Lisa
    $400 19
the Chinese calendar

Rahul
    $400 11
Quisling

Regis
    $400 14
Cheers

Rahul
    $600 21
frogs

Regis
    $600 2
(Lisa: What is sheep?)
(Rahul: What is a cow?)

a goat

RahulLisa
Triple Stumper
    $600 7
(Mary) Cassatt

Lisa
    $600 20
spring

Rahul
    $600 4
hangman (or executioner)

Lisa
    $600 15
(Regis: What is Reign?)

The Crown

LisaRegis
    $800 22
(Alex: What is a flaw in [*]? A fly in [*].)

the ointment

Triple Stumper
    $800 3
gazpacho

Rahul
    $800 8
(Regis: Who are Frida Kahla and Diego Rivera?)

Kahlo and Rivera

LisaRegis
    $3,200 25
(Regis: What is the Gregorian calendar?)

the Julian calendar

Regis
    $800 5
Ponzi

Rahul
    $800 16
Charmed

Regis
    $1000 23
Isaiah

Triple Stumper
    $1000 13
Brazil

Lisa
    $1000 9
John Constable

Triple Stumper
    $1000 26
[The end-of-round signal sounds.]

Pirelli

Triple Stumper
    $1000 10
Munchausen

Regis
    $1000 17
Chappelle's Show

Regis

Scores at the first commercial break (after clue 15):

Rahul Lisa Regis
$1,600 $3,000 $400

Scores at the end of the Jeopardy! Round:

Rahul Lisa Regis
$2,800 $3,000 $0

Double Jeopardy! Round responses

WASHINGTON STATE HISTORY
SUNNY QUOTES
TECHNOLOGY
ON-SCREEN ROMANCES
"HIT" & "MISS"
MUST SEA TV
    $400 26
the Space Needle

Rahul
    $400 18
Whitman

Regis
    $400 1
Google

Rahul
    $400 28
[The end-of-round signal sounds.]

the Bering Sea

Lisa
    $800 27
falls

Regis
    $800 19
Kodachrome

Lisa
    $800 15
(Lisa: What's a metal detector?)

an X-ray machine

Lisa
Triple Stumper
    $800 7
Bridget Jones's Diary

Regis
    $800 16
the missing link

Regis
    $800 13
Florida

Rahul
    $1200 4
Rainier

Lisa
    $5,400 20
a raisin in the sun

Lisa
    $1200 3
Wanda

Lisa
    $1200 8
Jane Fonda and Robert Redford

Triple Stumper
    $1200 2
hit the hay

Rahul
    $4,800 14
(Rahul: What is... Sea of Magellan?)

Sea of Cortez

Rahul
    $1600 5
Patty Murray

Triple Stumper
    $1600 21
never sets

Regis
    $1600 17
FLOPS

Rahul
    $1600 9
The American President

Regis
    $1600 11
misshapen

Rahul
    $1600 24
(Alex: Less than a minute now.)

the Sea of Solomon (or the Solomon Sea)

Lisa
    $2000 6
Hanford

Triple Stumper
    $2000 22
the sunshine patriot

Triple Stumper
    $2000 23
downloadable

Lisa
    $2000 10
The Big Sick

Rahul
    $2000 12
the Hittites

Rahul
    $2000 25
Malta

Lisa

Scores at the end of the Double Jeopardy! Round:

Rahul Lisa Regis
$8,000 $16,800 $6,000
(lock game)

[wagering suggestions for these scores]

Final Jeopardy! Round responses

THE U.S. GOVERNMENT
(Alex: Beginning of the War on Terror.)
RegisWhat is the Department of Homeland Securit NSA?
$5,999
RahulWhat is the dept. of Homeland Security?
$4,000
LisaWhat is Dept. of Homeland Security
$0
the Department of Homeland Security

Final scores:

Rahul Lisa Regis
$12,000 $16,800 $1
2nd place: $2,000 New champion: $16,800 3rd place: $1,000

Game dynamics:

Coryat scores:

Rahul Lisa Regis
$12,800 $12,600 $9,200
15 R,
2 W
(including 1 DD)
14 R
(including 1 DD),
3 W
13 R,
3 W
(including 1 DD)

Combined Coryat: $34,600

[game clues] [game scores] [suggest correction]

Game tape date: 2017-12-13
The J! Archive is created by fans, for fans. Scraping, republication, monetization, and malicious use prohibited; this site may use cookies and collect identifying information. See terms. The Jeopardy! game show and all elements thereof, including but not limited to copyright and trademark thereto, are the property of Jeopardy Productions, Inc. and are protected under law. This website is not affiliated with, sponsored by, or operated by Jeopardy Productions, Inc. Join the discussion at JBoard.tv.